Loading...
Current Events | 4 | 15.00 | 100% | 50% | 0% |
Fine Arts - Classical Music | 9 | 11.11 | 89% | 22% | 22% |
Fine Arts - Other Fine Arts | 7 | 15.71 | 100% | 43% | 14% |
Fine Arts - Painting & Sculpture | 7 | 15.71 | 100% | 43% | 14% |
Geography | 3 | 20.00 | 100% | 100% | 0% |
History - American History | 7 | 12.86 | 100% | 57% | 0% |
History - European History | 6 | 13.33 | 83% | 50% | 0% |
History - Other History | 4 | 10.00 | 75% | 25% | 0% |
History - World History | 9 | 11.11 | 78% | 33% | 0% |
Literature - American Literature | 8 | 20.00 | 100% | 63% | 38% |
Literature - British Literature | 6 | 13.33 | 67% | 67% | 17% |
Literature - European Literature | 7 | 18.57 | 100% | 71% | 14% |
Literature - World Literature | 11 | 18.18 | 100% | 64% | 18% |
Mythology | 4 | 15.00 | 100% | 50% | 0% |
Other Academic | 5 | 12.00 | 100% | 20% | 0% |
Philosophy | 12 | 13.33 | 92% | 42% | 0% |
Religion | 9 | 14.44 | 89% | 44% | 11% |
Science - Biology | 7 | 14.29 | 86% | 43% | 14% |
Science - Chemistry | 13 | 12.31 | 85% | 39% | 0% |
Science - Other Science | 6 | 13.33 | 100% | 33% | 0% |
Science - Physics | 8 | 17.50 | 100% | 50% | 25% |
Social Science | 6 | 20.00 | 83% | 83% | 33% |